Statystyki dla Quiz o województwie Śląskim

Kliknij tutaj aby rozwiązać quiz!

Ogólne statystyki

  • Ten quiz został rozwiązany 33 razy
  • Średni wynik to 10 z 15

Statystyki odpowiedzi

OpisMiasto% Poprawnych
Największe miasto oraz stolica województwaKatowice
100%
Miasto słynące z Jasnej GóryCzęstochowa
97%
Klub piłkarski: Górnik...Zabrze
97%
Klub piłkarski: Ruch...Chorzów
94%
Miasto podzielone pomiędzy Polskę, a CzechyCieszyn
91%
Miasto, które w herbie ma rybęRybnik
75%
Nazwa miasta podobna do imienia MikołajMikołów
69%
Miasto, które ma trolejbusyTychy
66%
W tym mieście jest Centralna EuropaGliwice
53%
Miasto, w którym jest muzeum browaruŻywiec
53%
W tym mieście jest walcownia metali DziedziceCzechowice-Dziedzice
50%
Największe miasto pod względem powierzchniDąbrowa Górnicza
50%
Duże miasto bez stacji kolejowejJastrzębie-Zdrój
38%
Miasto, które ma najlepsze liceum w województwieBielsko-Biała
28%
Miasto, które ma dziwne nazwy nastawni kolejowych: Ła, Łc, Łb...Łazy
13%

Rozkład punktacji

Percentyl według liczby udzielonych odpowiedzi

Procent ludzi z każdym wynikiem

Twoja historia wyników

Nie rozwiązałeś tego quizu